000 00592nam a22001937a 4500
005 20241128163729.0
008 241128b ||||| |||| 00| 0 eng d
040 _cAL
041 _aEnglish
082 _223
_a378.14
_bSTAA
100 _aST ALOYSIUS EVENING COLLEGE
_9187157
245 _aSt. Aloysius Evening College Mangalore: Annual Magazine 1968-1972
260 _aMangalore
_bSt Aloysius College
_c1968
300 _a504 p.
_bHB
_c24x18 cm.
650 _a1968,1969,1970,1971,1972
_9187105
650 _aAnnual Report
_9187158
650 _aCollege Magazine
_9187106
942 _2ddc
_cDB
999 _c232029
_d232029